[Event "CZE-chT 9293"]
[Site "Czech Republic"]
[Date "1993.03.06"]
[Round "7"]
[White "Bartak, Vladimir"]
[Black "Seifert, Milan"]
[Result "1/2-1/2"]
[WhiteElo "2305"]
[BlackElo "2275"]
[PlyCount "111"]
[EventDate "1992.11.28"]
[EventType "team-tourn"]
[EventRounds "9"]
[EventCountry "CZE"]
[SourceTitle "EXT 2019"]
[Source "ChessBase"]
[SourceDate "2018.10.10"]
[SourceVersion "1"]
[SourceVersionDate "2018.10.10"]
[SourceQuality "1"]
[WhiteTeam "Praha DP Tarok"]
[BlackTeam "Hradec Kralove Slavia"]
[WhiteTeamCountry "CZE"]
[BlackTeamCountry "CZE"]

1. e4 g6 2. d4 Bg7 3. Nf3 d6 4. Be2 Nf6 5. Nc3 0-0 6. 0-0 Nc6 7. h3 e5 8. d5 Ne7 9. Nh2 c6 10. Ng4 Bxg4 11. hxg4 cxd5 12. exd5 a6 13. a4 Rc8 14. g5 Nd7 15. Ra3 Nf5 16. Ne4 Nc5 17. Bd3 Qd7 18. g4 Nd4 19. Nxc5 dxc5 20. c3 c4 21. Be4 Nb3 22. Be3 Nc5 23. Bg2 Nd3 24. b4 f5 25. gxf6 Rxf6 26. Be4 Rcf8 27. Ra2 Nf4 28. f3 Rd6 29. Bc5 Bh6 30. Rh2 Bg5 31. Bxd6 Qxd6 32. a5 Rd8 33. Qc2 b6 34. axb6 Qxb6+ 35. Kh1 Qe3 36. Qc1 Qb6 37. Qc2 a5 38. Qa2 axb4 39. Qxc4 b3 40. Rb1 Rb8 41. d6+ Kg7 42. Qc7+ Qxc7 43. dxc7 Rc8 44. Rxb3 Rxc7 45. Ra2 Ne6 46. Rb7 Rxb7 47. Bxb7 Be3 48. Bd5 Nf4 49. c4 Kf6 50. Ra8 h5 51. gxh5 gxh5 52. Rg8 Ke7 53. Rh8 Kd6 54. Bf7 Kc5 55. Kh2 Bf2 56. Bxh5 1/2-1/2

[Event "CSR-chT"]
[Site "Czechoslovakia"]
[Date "1992.??.??"]
[Round "?"]
[White "Seifert, Milan"]
[Black "Cech, Pavel"]
[Result "1-0"]
[WhiteElo "2280"]
[BlackElo "2315"]
[PlyCount "113"]
[EventDate "1992.??.??"]
[EventType "team"]
[EventRounds "13"]
[EventCountry "CSR"]
[SourceTitle "TD"]
[Source "ChessBase"]
[SourceDate "1994.03.01"]
[SourceVersion "1"]
[SourceVersionDate "1994.03.01"]
[SourceQuality "1"]

1. Nf3 e6 2. g3 Nf6 3. Bg2 d5 4. 0-0 Be7 5. d3 c5 6. Nbd2 Nc6 7. e4 Qc7 8. c3 b6 9. Re1 Ba6 10. exd5 exd5 11. Ne5 Nxe5 12. Qa4+ Qd7 13. Qxa6 Ng6 14. Nf3 0-0 15. a4 Rab8 16. Qb5 Qd6 17. Bd2 a6 18. Qxa6 Ra8 19. Qb5 Ra5 20. Qb3 Ra7 21. Qc2 h6 22. b3 Rfa8 23. Qb2 Kf8 24. c4 Rd8 25. Re2 Nd7 26. cxd5 Bf6 27. Bc3 Bxc3 28. Qxc3 Nf6 29. Ne5 Nxd5 30. Bxd5 Qxd5 31. Nxg6+ fxg6 32. Rae1 Rf7 33. Qe5 Qxe5 34. Rxe5 Rf3 35. Re6 Rdxd3 36. Rxb6 Rxb3 37. Rxg6 Rb2 38. Rf1 c4 39. Rc6 Rb4 40. a5 Ra3 41. Rd1 Rxa5 42. Rd7 Kg8 43. Rg6 Rc5 44. Rgxg7+ Kh8 45. Rc7 Rbb5 46. Rge7 Rxc7 47. Rxc7 Rb1+ 48. Kg2 Rc1 49. Kf3 Rc2 50. h4 Kg8 51. Ke3 c3 52. h5 Rc1 53. Kf4 Rh1 54. Kf5 Rxh5+ 55. Kg6 Rg5+ 56. Kxh6 Rf5 57. f4 1-0